Closer to God. Religious Architecture and Sacred Spaces

Guardado en:
Detalles Bibliográficos
Formato: Libro
Lenguaje:inglés
Publicado: Berlin : Gestalten, 2010
Materias:
Etiquetas: Agregar Etiqueta
Sin Etiquetas, Sea el primero en etiquetar este registro!

MARC

LEADER 00000nam a22000003a 4500
001 stu219782
005 20141123085052.6
008 110104s2010------------------------eng-d
020 |a 978-3-89955-313-0 
040 |a STU  |b slo 
041 0 |a eng 
245 |a Closer to God. Religious Architecture and Sacred Spaces 
260 |a Berlin :  |b Gestalten,  |c 2010 
300 |a 239 s 
650 7 |a architektúra sakrálna  |2 stusub 
650 7 |a religious architecture  |2 estusub 
996 |b 284AU04652  |c A*7188 U  |l AAKNAR  |s A  |a 24  |w stu219782_0001 
996 |b 284AU05639  |c A*8411 U  |l AAKNAR  |s A  |a 24  |w stu219782_0002